[Event "Ufa Startsev Memorial Blitz"]
[Site "Ufa"]
[Date "2024.02.03"]
[Round "11"]
[White "Kezin, Roman"]
[Black "Glidzhain, Gor Mikhailovich"]
[Result "1-0"]
[WhiteElo "2486"]
[BlackElo "2235"]
[PlyCount "109"]
[EventDate "2024.02.03"]
[EventType "swiss (blitz)"]
[EventRounds "13"]
[EventCountry "RUS"]
[SourceTitle "CB07_2024"]
[SourceDate "2024.02.14"]
[SourceVersion "1"]
[SourceVersionDate "2024.02.14"]
[SourceQuality "1"]

1. d4 Nf6 2. c4 e6 3. Nf3 Bb4+ 4. Bd2 a5 5. g3 0-0 6. Bg2 d5 7. 0-0 Ne4 8. Qc2 Nd7 9. Bf4 Bd6 10. Bxd6 Nxd6 11. Nbd2 c6 12. c5 Nf5 13. e4 dxe4 14. Nxe4 Nf6 15. Rad1 Nd5 16. Ne5 Bd7 17. Nc4 b5 18. Ncd6 Nxd6 19. Nxd6 b4 20. Rfe1 Qf6 21. Re5 a4 22. h4 h6 23. Rde1 a3 24. b3 Nc3 25. Qd2 Rad8 26. Ne4 Nxe4 27. R5xe4 Rb8 28. Rc1 Bc8 29. Rc4 Ba6 30. Rxb4 Bb5 31. Qc1 Rfd8 32. Qxa3 Ra8 33. Qb2 Bd3 34. Rf4 Qg6 35. Bxc6 Rac8 36. Bg2 e5 37. dxe5 Rxc5 38. Rg4 Qe6 39. Rbd4 Rcc8 40. Rxd8+ Rxd8 41. Rd4 Rxd4 42. Qxd4 Bf5 43. Qd5 Qc8 44. Qc4 Qb8 45. Qc3 Qd8 46. a4 Qd1+ 47. Kh2 Qe2 48. Qf3 Qxe5 49. Qe3 Qd6 50. a5 Be6 51. Qc3 Qa6 52. b4 Qa7 53. Qc5 Qa6 54. Qb6 Qe2 55. a6 1-0

[Event "Titled Tuesday intern op 15th Feb Early"]
[Site "Chess.com INT"]
[Date "2022.02.15"]
[Round "7"]
[White "Glidzhain, Gor Mikhailovich"]
[Black "Timofeev, Artyom"]
[Result "1-0"]
[WhiteElo "2320"]
[BlackElo "2574"]
[PlyCount "61"]
[EventDate "2022.02.15"]
[EventType "swiss (blitz)"]
[EventRounds "11"]
[EventCountry "USA"]
[SourceTitle "CBM 206 Extra"]
[Source "ChessBase"]
[SourceDate "2022.03.31"]
[SourceVersion "1"]
[SourceVersionDate "2022.03.31"]
[SourceQuality "1"]

1. e4 c5 2. Nf3 Nc6 3. Bb5 d6 4. 0-0 Bd7 5. c3 a6 6. Ba4 Nf6 7. Re1 b5 8. Bc2 Bg4 9. h3 Bxf3 10. Qxf3 g6 11. a4 b4 12. a5 Nd7 13. Ba4 Nce5 14. Qg3 bxc3 15. bxc3 Bg7 16. d4 Nc4 17. Qd3 Nxa5 18. Bxd7+ Kxd7 19. e5 Nb3 20. Rxa6 Rxa6 21. Qxa6 Nxc1 22. exd6 exd6 23. Qb7+ Qc7 24. Re7+ Kxe7 25. Qxc7+ Ke6 26. d5+ Kf5 27. Qxf7+ Bf6 28. g4+ Kg5 29. f4+ Kh4 30. Qxf6+ Kg3 31. Qxh8 1-0

[Event "Titled Tuesday intern op 15th Feb Early"]
[Site "Chess.com INT"]
[Date "2022.02.15"]
[Round "9"]
[White "Siva, Mahadevan"]
[Black "Glidzhain, Gor Mikhailovich"]
[Result "1-0"]
[WhiteElo "2349"]
[BlackElo "2320"]
[PlyCount "83"]
[EventDate "2022.02.15"]
[EventType "swiss (blitz)"]
[EventRounds "11"]
[EventCountry "USA"]
[SourceTitle "CBM 206 Extra"]
[Source "ChessBase"]
[SourceDate "2022.03.31"]
[SourceVersion "1"]
[SourceVersionDate "2022.03.31"]
[SourceQuality "1"]

1. e4 e5 2. Nf3 d6 3. d4 exd4 4. Nxd4 Nf6 5. Nc3 Be7 6. g3 0-0 7. Bg2 c5 8. Nde2 Nc6 9. 0-0 Rb8 10. a4 Be6 11. h3 Nb4 12. f4 h5 13. b3 Re8 14. Bb2 Bf8 15. f5 Bd7 16. Nf4 h4 17. g4 Bc6 18. Re1 d5 19. e5 Ne4 20. Nxe4 dxe4 21. Qe2 Qg5 22. Rf1 Rbd8 23. Rae1 e3 24. Bxc6 bxc6 25. Bc3 Nd5 26. Qc4 Nxc3 27. Qxc3 Rd4 28. Qxe3 Bd6 29. Nd3 Qxe3+ 30. Rxe3 Bc7 31. Rfe1 c4 32. bxc4 Rxc4 33. e6 Bb6 34. Ne5 Bxe3+ 35. Rxe3 fxe6 36. Nxc4 Rb8 37. fxe6 Rb1+ 38. Kg2 Rb8 39. e7 Kf7 40. Nd6+ Kf6 41. e8Q Rxe8 42. Rxe8 1-0

[Event "Titled Tuesday intern op 15th Feb Early"]
[Site "Chess.com INT"]
[Date "2022.02.15"]
[Round "4"]
[White "Urbina Perez, Juan Antonio"]
[Black "Glidzhain, Gor Mikhailovich"]
[Result "1-0"]
[WhiteElo "2284"]
[BlackElo "2320"]
[PlyCount "105"]
[EventDate "2022.02.15"]
[EventType "swiss (blitz)"]
[EventRounds "11"]
[EventCountry "USA"]
[SourceTitle "CBM 206 Extra"]
[Source "ChessBase"]
[SourceDate "2022.03.31"]
[SourceVersion "1"]
[SourceVersionDate "2022.03.31"]
[SourceQuality "1"]

1. d4 Nf6 2. Nf3 g6 3. c4 Bg7 4. Nc3 0-0 5. e4 d6 6. h3 c5 7. d5 e6 8. Be2 exd5 9. exd5 h6 10. 0-0 Na6 11. Bf4 Nc7 12. Re1 a6 13. a4 Kh7 14. Qc1 Bf5 15. Nd2 Re8 16. Bf1 Qd7 17. Nf3 Ne4 18. Nxe4 Bxe4 19. Be2 b5 20. axb5 axb5 21. Rxa8 Rxa8 22. Nd2 Bf5 23. g4 g5 24. Bg3 Bg6 25. Nf1 Ra2 26. b3 b4 27. Qe3 Bc3 28. Rd1 Ne8 29. Bd3 Nf6 30. Bxg6+ Kxg6 31. Qd3+ Kg7 32. Ne3 h5 33. Nf5+ Kg8 34. Nh6+ Kg7 35. Nf5+ Kf8 36. Qe3 Nh7 37. Bxd6+ Kg8 38. Ne7+ Kg7 39. Be5+ f6 40. Bxc3 bxc3 41. Nf5+ Kf7 42. Qxc3 hxg4 43. hxg4 Nf8 44. Re1 Ng6 45. Re6 Ne5 46. Re7+ Qxe7 47. Nxe7 Kxe7 48. b4 cxb4 49. Qxb4+ Kf7 50. d6 Ke6 51. c5 Ra1+ 52. Kg2 Nxg4 53. Qxg4+ 1-0

[Event "Titled Tuesday intern op 7th July"]
[Site "Chess.com INT"]
[Date "2020.07.07"]
[Round "3"]
[White "Glidzhain, Gor Mikhailovich"]
[Black "Maly, Alexey"]
[Result "1-0"]
[WhiteElo "2342"]
[BlackElo "2371"]
[PlyCount "185"]
[EventDate "2020.07.07"]
[EventType "swiss (blitz)"]
[EventRounds "10"]
[EventCountry "USA"]
[SourceTitle "CBM 197 Extra"]
[Source "ChessBase"]
[SourceDate "2020.09.30"]
[SourceVersion "1"]
[SourceVersionDate "2020.09.30"]
[SourceQuality "1"]

1. e4 c6 2. d4 d5 3. Nc3 dxe4 4. Nxe4 Bf5 5. Ng3 Bg6 6. h4 h6 7. Nh3 e6 8. Nf4 Bh7 9. Bc4 Nf6 10. 0-0 Nd5 11. Bxd5 cxd5 12. Qg4 Nc6 13. c3 Qd7 14. b4 0-0-0 15. b5 Na5 16. Qf3 Qxb5 17. a4 Qc6 18. Be3 Nc4 19. a5 Bd6 20. a6 b6 21. Nfh5 Qc7 22. Nxg7 Rdg8 23. N7h5 f5 24. Bxh6 Rg4 25. Bg5 Bg6 26. Nf6 Rxg5 27. hxg5 Nd2 28. Qe3 Nxf1 29. Kxf1 Bf7 30. g6 Bxg3 31. fxg3 Rh1+ 32. Kf2 Rxa1 33. gxf7 Qxf7 34. Qe5 Ra2+ 35. Kf3 Rxa6 36. g4 fxg4+ 37. Kg3 b5 38. Nxg4 Rc6 39. Qh8+ Kb7 40. Qh6 Rxc3+ 41. Kh2 Qc7+ 42. Ne5 Re3 43. Qxe3 b4 44. Qb3 a5 45. Qa4 Kb6 46. Kg1 Qc3 47. Nf3 b3 48. Qa3 Kb5 49. Kh2 a4 50. Qd6 b2 51. Qd7+ Kc4 52. Qxa4+ Kd3 53. Qd1+ Kc4 54. Qa4+ Kd3 55. Qd1+ Ke3 56. Qg1+ Ke4 57. Qd1 Qc1 58. Qe2+ Kf5 59. Qe5+ Kg6 60. Qxe6+ Kg7 61. Qe7+ Kg8 62. Qd8+ Kg7 63. Qd7+ Kh8 64. Qd8+ Kh7 65. Qd7+ Kg8 66. Qxd5+ Kf8 67. Qd6+ Kg8 68. Qg6+ Kf8 69. Ne5 Qf4+ 70. g3 Qf2+ 71. Kh3 Ke7 72. Qh7+ Kf8 73. Qh8+ Ke7 74. Qg7+ Ke8 75. Qd7+ Kf8 76. Qd8+ Kg7 77. Qc7+ Kg8 78. Qc4+ Kg7 79. Qc7+ Kg8 80. Qd8+ Kg7 81. Qg5+ Kf8 82. Qh6+ Ke7 83. Qh7+ Ke8 84. Kg4 Qe2+ 85. Nf3 Qe4+ 86. Qxe4+ Kd8 87. Qb1 Kc7 88. Qxb2 Kd6 89. Qb4+ Kd7 90. Qc5 Kd8 91. Qa7 Ke8 92. Ne5 Kd8 93. Qd7# 1-0

[Event "Titled Tuesday intern op 30th June"]
[Site "Chess.com INT"]
[Date "2020.06.30"]
[Round "9"]
[White "Glidzhain, Gor Mikhailovich"]
[Black "Dwilewicz, Katarzyna"]
[Result "1-0"]
[WhiteElo "2342"]
[BlackElo "2120"]
[PlyCount "83"]
[EventDate "2020.06.30"]
[EventType "swiss (blitz)"]
[EventRounds "10"]
[EventCountry "USA"]
[SourceTitle "CBM 197 Extra"]
[Source "ChessBase"]
[SourceDate "2020.09.30"]
[SourceVersion "1"]
[SourceVersionDate "2020.09.30"]
[SourceQuality "1"]

1. e4 e5 2. Nf3 Nc6 3. Bb5 a6 4. Ba4 Nf6 5. d3 b5 6. Bb3 Bc5 7. 0-0 0-0 8. c3 d6 9. h3 Ba7 10. Bg5 h6 11. Be3 Ne7 12. Nbd2 Ng6 13. Bxa7 Rxa7 14. d4 c5 15. dxc5 dxc5 16. Re1 Rd7 17. Qc1 c4 18. Bc2 Nf4 19. Nf1 Qc7 20. a4 Bb7 21. axb5 axb5 22. Ra7 Qb8 23. Ra5 Bc6 24. Qe3 Nd3 25. Bxd3 Rxd3 26. Qc5 Rc8 27. Qxe5 Bxe4 28. Rxe4 Nxe4 29. Qxe4 Re8 30. Qc6 Rd1 31. g3 Qd8 32. Rxb5 Rf8 33. Qxc4 Qe7 34. Kg2 Re8 35. Ne3 Rb1 36. Re5 Qd8 37. Rxe8+ Qxe8 38. b4 Rb2 39. Qd3 Ra2 40. b5 Qb8 41. c4 Qb7 42. Nd5 1-0

[Event "Titled Tuesday intern op 30th June"]
[Site "Chess.com INT"]
[Date "2020.06.30"]
[Round "1"]
[White "Zubov, Alexander"]
[Black "Glidzhain, Gor Mikhailovich"]
[Result "1-0"]
[WhiteElo "2589"]
[BlackElo "2342"]
[PlyCount "105"]
[EventDate "2020.06.30"]
[EventType "swiss (blitz)"]
[EventRounds "10"]
[EventCountry "USA"]
[SourceTitle "CBM 197 Extra"]
[Source "ChessBase"]
[SourceDate "2020.09.30"]
[SourceVersion "1"]
[SourceVersionDate "2020.09.30"]
[SourceQuality "1"]

1. d4 Nf6 2. Nf3 g6 3. c4 Bg7 4. Nc3 0-0 5. e4 d6 6. Be2 e5 7. d5 Nh5 8. g3 a6 9. Bg5 Qe8 10. Nd2 Nf6 11. h4 h6 12. Be3 Kh7 13. h5 g5 14. g4 b6 15. f3 Nbd7 16. b4 a5 17. a3 Ng8 18. Nb5 Qd8 19. Rc1 Ba6 20. Nc3 Bc8 21. Nb3 axb4 22. axb4 Ne7 23. 0-0 Nf6 24. c5 bxc5 25. bxc5 Ba6 26. c6 Qc8 27. Qd2 Bxe2 28. Qxe2 Ra3 29. Rb1 Neg8 30. Nb5 Ra4 31. Nd2 Nxg4 32. fxg4 Nf6 33. Rf5 Nxe4 34. Nxe4 Rxe4 35. Nc3 Rf4 36. Bxf4 exf4 37. Qd3 Kh8 38. Re1 Qa8 39. Ne4 Qa7+ 40. Kg2 Qa5 41. Re2 Qa1 42. Nd2 Kg8 43. Nf3 Rb8 44. Qe4 Rb1 45. Qe8+ Kh7 46. Qxf7 Rb2 47. Qg6+ Kh8 48. Qe8+ Kh7 49. Rf7 Rxe2+ 50. Qxe2 Kg8 51. Rxc7 Qa5 52. Qe8+ Kh7 53. Qg6+ 1-0

[Event "Titled Tuesday intern op 19th May"]
[Site "Chess.com INT"]
[Date "2020.05.19"]
[Round "5"]
[White "Glidzhain, Gor Mikhailovich"]
[Black "Yu, Jennifer R"]
[Result "1-0"]
[WhiteElo "2342"]
[BlackElo "2315"]
[PlyCount "59"]
[EventDate "2020.05.19"]
[EventType "swiss (blitz)"]
[EventRounds "10"]
[EventCountry "USA"]
[SourceTitle "EXT 2021"]
[Source "ChessBase"]
[SourceDate "2020.10.23"]
[SourceVersion "1"]
[SourceVersionDate "2020.10.23"]
[SourceQuality "1"]

1. e4 e5 2. Nf3 Nc6 3. Bb5 a6 4. Ba4 Nf6 5. d3 b5 6. Bb3 Be7 7. 0-0 0-0 8. Re1 d6 9. c3 Bg4 10. h3 Bh5 11. Nbd2 Qd7 12. Nf1 Na5 13. Bc2 c5 14. Ng3 Bxf3 15. Qxf3 Nc6 16. Nf5 Rfe8 17. Bg5 Bd8 18. a4 Rb8 19. axb5 axb5 20. Bb3 Kh8 21. Ra6 Rc8 22. Bd5 Rg8 23. Rea1 Nxd5 24. exd5 Bxg5 25. dxc6 Qe6 26. Ra7 g6 27. Ng3 f5 28. Rb7 d5 29. Raa7 Rgf8 30. Rxh7+ 1-0

[Event "Titled Tuesday intern op 19th May"]
[Site "Chess.com INT"]
[Date "2020.05.19"]
[Round "6"]
[White "Sihite, Chelsie Monica"]
[Black "Glidzhain, Gor Mikhailovich"]
[Result "1-0"]
[WhiteElo "2252"]
[BlackElo "2342"]
[PlyCount "91"]
[EventDate "2020.05.19"]
[EventType "swiss (blitz)"]
[EventRounds "10"]
[EventCountry "USA"]
[SourceTitle "EXT 2021"]
[Source "ChessBase"]
[SourceDate "2020.10.23"]
[SourceVersion "1"]
[SourceVersionDate "2020.10.23"]
[SourceQuality "1"]

1. c4 Nf6 2. Nc3 g6 3. Nf3 Bg7 4. e3 0-0 5. Be2 b6 6. 0-0 Bb7 7. b3 c5 8. Bb2 d6 9. Rc1 Nbd7 10. d4 e5 11. dxe5 dxe5 12. Qc2 Qe7 13. Rfd1 e4 14. Nd2 Rfe8 15. Nf1 Rad8 16. Ng3 h5 17. h4 Ne5 18. Ngxe4 Nxe4 19. Nxe4 Qxh4 20. Nd6 Rxd6 21. Rxd6 Be4 22. Qd2 Qg5 23. g3 h4 24. Bxe5 Bxe5 25. g4 h3 26. f3 Bxd6 27. fxe4 Rxe4 28. Rf1 Rxg4+ 29. Bxg4 Qxg4+ 30. Kh1 Qe4+ 31. Kg1 h2+ 32. Kf2 Be5 33. Qd8+ Kg7 34. Qd1 g5 35. Qf3 Qc2+ 36. Qe2 Qf5+ 37. Kg2 Qe4+ 38. Qf3 Qc2+ 39. Rf2 Qg6 40. Qg4 Qc6+ 41. e4 f6 42. Rd2 Kg6 43. Qf5+ Kh5 44. Qh7+ Kg4 45. Qh3+ Kf4 46. Qf3# 1-0

[Event "Titled Tuesday intern op 19th May"]
[Site "Chess.com INT"]
[Date "2020.05.19"]
[Round "4"]
[White "Sychev, Klementy"]
[Black "Glidzhain, Gor Mikhailovich"]
[Result "1-0"]
[WhiteElo "2572"]
[BlackElo "2342"]
[PlyCount "37"]
[EventDate "2020.05.19"]
[EventType "swiss (blitz)"]
[EventRounds "10"]
[EventCountry "USA"]
[SourceTitle "EXT 2021"]
[Source "ChessBase"]
[SourceDate "2020.10.23"]
[SourceVersion "1"]
[SourceVersionDate "2020.10.23"]
[SourceQuality "1"]

1. e4 c5 2. Nf3 d6 3. d4 cxd4 4. Nxd4 Nf6 5. Nc3 Nc6 6. Bg5 e6 7. Bb5 Bd7 8. Bxc6 Bxc6 9. Qf3 Be7 10. Nxc6 bxc6 11. e5 Nd5 12. Bxe7 Qxe7 13. Qg3 0-0 14. exd6 Qb7 15. 0-0-0 Rab8 16. b3 Rfd8 17. Rd4 Qd7 18. Ne4 c5 19. Rxd5 1-0

[Event "Titled Tuesday intern op 12th May"]
[Site "Chess.com INT"]
[Date "2020.05.12"]
[Round "6"]
[White "Glidzhain, Gor Mikhailovich"]
[Black "Calin, Alexandru"]
[Result "1/2-1/2"]
[WhiteElo "2342"]
[BlackElo "2107"]
[PlyCount "159"]
[EventDate "2020.05.12"]
[EventType "swiss (blitz)"]
[EventRounds "10"]
[EventCountry "USA"]
[SourceTitle "EXT 2021"]
[Source "ChessBase"]
[SourceDate "2020.10.23"]
[SourceVersion "1"]
[SourceVersionDate "2020.10.23"]
[SourceQuality "1"]

1. e4 d6 2. d4 Nf6 3. Nc3 Nbd7 4. Nf3 e5 5. Bc4 Be7 6. 0-0 0-0 7. Bg5 h6 8. Bh4 Nh5 9. Bg3 Nxg3 10. fxg3 c6 11. Kh1 b5 12. Bb3 a5 13. a4 b4 14. Ne2 Ba6 15. Rf2 Bf6 16. dxe5 Nxe5 17. Nxe5 dxe5 18. Qe1 Qb6 19. Ng1 Bg5 20. Rf5 Rae8 21. Nf3 Bf6 22. Nh4 Bxh4 23. gxh4 c5 24. Bd5 Bc8 25. Rf3 Be6 26. Qg3 Bxd5 27. exd5 f5 28. Rd1 Qd6 29. h5 f4 30. Qg6 Qxg6 31. hxg6 Rf6 32. d6 Rxg6 33. d7 Rd8 34. Rfd3 Kf7 35. Rd5 Re6 36. Rxc5 Ke7 37. Rxa5 Rxd7 38. Rxd7+ Kxd7 39. Kg1 e4 40. Kf2 e3+ 41. Ke1 Rc6 42. c3 bxc3 43. bxc3 Rxc3 44. Ra7+ Ke6 45. Rxg7 Rc1+ 46. Ke2 Rc2+ 47. Ke1 Kf5 48. a5 Ra2 49. Rf7+ Ke5 50. Re7+ Kf6 51. Re4 Kf5 52. Re8 Rxa5 53. Kf1 Ra1+ 54. Ke2 Ra2+ 55. Kf1 Rf2+ 56. Kg1 Rb2 57. Kf1 h5 58. Re7 h4 59. h3 Rb5 60. Ke2 Re5 61. Rh7 Ke4 62. Rxh4 Ra5 63. Rh8 Ra2+ 64. Kf1 Rf2+ 65. Kg1 Rc2 66. Kf1 Rc4 67. Re8+ Kd3 68. Rd8+ Ke4 69. Re8+ Kf5 70. Rf8+ Kg5 71. Rg8+ Kh4 72. Rg4+ Kh5 73. Ke1 Rc2 74. Kf1 Rf2+ 75. Kg1 Kh6 76. Rg8 Kh5 77. Rg4 Kh6 78. Rg8 Kh5 79. Rg7 Kh6 80. Rg8 1/2-1/2

[Event "Titled Tuesday intern op 12th May"]
[Site "Chess.com INT"]
[Date "2020.05.12"]
[Round "4"]
[White "Glidzhain, Gor Mikhailovich"]
[Black "Moroni, Luca Jr"]
[Result "0-1"]
[WhiteElo "2342"]
[BlackElo "2530"]
[PlyCount "88"]
[EventDate "2020.05.12"]
[EventType "swiss (blitz)"]
[EventRounds "10"]
[EventCountry "USA"]
[SourceTitle "EXT 2021"]
[Source "ChessBase"]
[SourceDate "2020.10.23"]
[SourceVersion "1"]
[SourceVersionDate "2020.10.23"]
[SourceQuality "1"]

1. e4 e5 2. Nf3 Nc6 3. Bb5 a6 4. Ba4 Nf6 5. d3 b5 6. Bb3 Bc5 7. 0-0 d6 8. h3 h6 9. c3 0-0 10. Re1 Bb6 11. Nbd2 Ne7 12. Nf1 Ng6 13. Be3 c6 14. a4 Be6 15. axb5 Bxe3 16. Nxe3 axb5 17. Bxe6 fxe6 18. Rxa8 Qxa8 19. Qb3 Qe8 20. d4 Nxe4 21. dxe5 Rxf3 22. gxf3 Ng5 23. Qd1 d5 24. Ng2 Qf7 25. Re3 Nxh3+ 26. Kf1 Qf5 27. Qd3 Qh5 28. Qd4 Ng5 29. Qg4 Qh1+ 30. Ke2 Qb1 31. f4 Ne4 32. Rxe4 Qxe4+ 33. Kd2 Kf7 34. f3 Qb1 35. Ne3 Qxb2+ 36. Nc2 Ne7 37. Qh5+ Kf8 38. Qh4 b4 39. cxb4 d4 40. f5 Qc3+ 41. Kd1 d3 42. Ne3 Qxe5 43. Kd2 Qxe3+ 44. Kxe3 Nxf5+ 0-1

[Event "Titled Tuesday intern op 5th May"]
[Site "Chess.com INT"]
[Date "2020.05.05"]
[Round "4"]
[White "Lortkipanidze, Nodar"]
[Black "Glidzhain, Gor Mikhailovich"]
[Result "1-0"]
[WhiteElo "2416"]
[BlackElo "2342"]
[PlyCount "85"]
[EventDate "2020.05.05"]
[EventType "swiss (blitz)"]
[EventRounds "10"]
[EventCountry "USA"]
[SourceTitle "EXT 2021"]
[Source "ChessBase"]
[SourceDate "2020.10.23"]
[SourceVersion "1"]
[SourceVersionDate "2020.10.23"]
[SourceQuality "1"]

1. e4 c5 2. c3 g6 3. d4 cxd4 4. cxd4 Bg7 5. Nf3 d6 6. Nc3 Nf6 7. h3 0-0 8. Bd3 Nc6 9. 0-0 e5 10. dxe5 dxe5 11. Bg5 h6 12. Bxf6 Bxf6 13. Nd5 Bg7 14. Bc4 Nd4 15. Nxd4 exd4 16. Qd3 Be6 17. f4 Rc8 18. a4 Kh7 19. f5 Bxd5 20. Bxd5 Qg5 21. e5 Bxe5 22. Bxf7 Qe3+ 23. Qxe3 dxe3 24. fxg6+ Kg7 25. Rfe1 Bxb2 26. Rab1 Rc2 27. a5 e2 28. Kf2 Bd4+ 29. Kf3 Rc3+ 30. Kxe2 b6 31. Red1 Bc5 32. Rd7 Rg3 33. a6 Rxg2+ 34. Kd3 Rg3+ 35. Kc4 Rxh3 36. Rxa7 Rh4+ 37. Kb5 Rb4+ 38. Rxb4 Bxb4 39. Kxb4 h5 40. Rb7 h4 41. a7 h3 42. Be6+ Kxg6 43. Bxh3 1-0

[Event "Ufa-ch"]
[Site "Ufa"]
[Date "2012.11.23"]
[Round "5"]
[White "Abelguzin, Dinar"]
[Black "Glidzhain, Gor Mikhailovich"]
[Result "0-1"]
[WhiteElo "1921"]
[BlackElo "2331"]
[PlyCount "66"]
[EventDate "2012.11.19"]
[EventType "tourn"]
[EventRounds "9"]
[EventCountry "RUS"]
[SourceTitle "CBM 151 Extra"]
[Source "ChessBase"]
[SourceDate "2012.12.18"]
[SourceVersion "1"]
[SourceVersionDate "2012.12.18"]
[SourceQuality "1"]

1. e4 c5 2. Nf3 d6 3. d4 cxd4 4. Nxd4 Nf6 5. Nc3 a6 6. f3 e5 7. Nb3 Be7 8. Be3 Be6 9. Qd2 Nbd7 10. 0-0-0 0-0 11. g4 b5 12. g5 b4 13. Ne2 Ne8 14. h4 a5 15. Kb1 a4 16. Nbc1 Qa5 17. Bh3 Nc7 18. Ng3 Nb5 19. Ka1 Nb6 20. Bxb6 Qxb6 21. Nce2 b3 22. Bxe6 fxe6 23. c4 a3 24. axb3 Rxf3 25. Qb4 Qa7 26. Qa4 Qxa4 27. bxa4 axb2+ 28. Kxb2 Na3 29. c5 Nc4+ 30. Kc1 Rxa4 31. Kb1 Rb4+ 32. Kc1 Ra3 33. c6 Rb2 0-1

[Event "Ufa-ch"]
[Site "Ufa"]
[Date "2012.11.22"]
[Round "4"]
[White "Glidzhain, Gor Mikhailovich"]
[Black "Garifullin, Ildar"]
[Result "1-0"]
[WhiteElo "2331"]
[BlackElo "1948"]
[PlyCount "63"]
[EventDate "2012.11.19"]
[EventType "tourn"]
[EventRounds "9"]
[EventCountry "RUS"]
[SourceTitle "CBM 151 Extra"]
[Source "ChessBase"]
[SourceDate "2012.12.18"]
[SourceVersion "1"]
[SourceVersionDate "2012.12.18"]
[SourceQuality "1"]

1. e4 e6 2. d3 d5 3. Qe2 Nf6 4. Nf3 c5 5. g3 Nc6 6. Bg2 Be7 7. e5 Nd7 8. 0-0 b6 9. c4 d4 10. Re1 Bb7 11. h4 h6 12. h5 Qc7 13. Bf4 g5 14. hxg6 fxg6 15. Nh4 Bxh4 16. gxh4 0-0-0 17. Bg3 Ne7 18. Nd2 Bxg2 19. Kxg2 Nf5 20. Qe4 Rdf8 21. a3 Rhg8 22. Qa8+ Nb8 23. b4 g5 24. hxg5 hxg5 25. Ne4 Nh4+ 26. Kf1 Nf5 27. bxc5 bxc5 28. Kg1 Nxg3 29. fxg3 Qxe5 30. Rab1 Qc7 31. Rb5 Rf5 32. Nd6+ 1-0

[Event "Ufa-ch"]
[Site "Ufa"]
[Date "2012.11.19"]
[Round "1"]
[White "Idrisova, Roza"]
[Black "Glidzhain, Gor Mikhailovich"]
[Result "0-1"]
[WhiteElo "2128"]
[BlackElo "2331"]
[PlyCount "80"]
[EventDate "2012.11.19"]
[EventType "tourn"]
[EventRounds "9"]
[EventCountry "RUS"]
[SourceTitle "CBM 151 Extra"]
[Source "ChessBase"]
[SourceDate "2012.12.18"]
[SourceVersion "1"]
[SourceVersionDate "2012.12.18"]
[SourceQuality "1"]

1. d4 Nf6 2. c4 c5 3. Nf3 cxd4 4. Nxd4 e6 5. Nc3 Be7 6. e4 d6 7. Be2 0-0 8. 0-0 a6 9. Be3 Nbd7 10. Qd2 Qc7 11. Rfc1 b6 12. f3 Bb7 13. b4 Rac8 14. Nb3 Rfd8 15. a3 Qb8 16. Na4 d5 17. exd5 exd5 18. Nxb6 Nxb6 19. Bxb6 dxc4 20. Nd4 Bd6 21. Rxc4 Bxh2+ 22. Kf1 Bxf3 23. Bxf3 Qxb6 24. Rxc8 Rxc8 25. Ne2 Rd8 26. Qg5 h6 27. Qc5 Qe6 28. Rc1 Ne4 29. Bxe4 Qxe4 30. Qh5 Be5 31. Qf3 Qh4 32. Qf5 Bd4 33. Nxd4 Qh1+ 34. Kf2 Qxc1 35. Nf3 Qxa3 36. Qf4 Qb2+ 37. Kg3 Qf6 38. Qc7 Qd6+ 39. Qxd6 Rxd6 40. Kf4 Rb6 0-1

[Event "Ufa Gumerov Memorial"]
[Site "Ufa"]
[Date "2012.08.08"]
[Round "8"]
[White "Glidzhain, Gor Mikhailovich"]
[Black "Polschikov, Alexey"]
[Result "1-0"]
[WhiteElo "2331"]
[BlackElo "2390"]
[PlyCount "83"]
[EventDate "2012.08.01"]
[EventType "tourn"]
[EventRounds "9"]
[EventCountry "RUS"]
[EventCategory "7"]
[SourceTitle "EXT 2013"]
[Source "ChessBase"]
[SourceDate "2012.11.22"]
[SourceVersion "1"]
[SourceVersionDate "2012.11.22"]
[SourceQuality "1"]

1. e4 c5 2. Nf3 a6 3. c3 d5 4. exd5 Qxd5 5. d4 e6 6. Be3 cxd4 7. cxd4 Nf6 8. Nc3 Qd6 9. Ne5 Nc6 10. Qa4 Bd7 11. Nxd7 Qxd7 12. Be2 Rd8 13. Rd1 Nb4 14. Qb3 Be7 15. 0-0 h6 16. Na4 Qd5 17. Bc4 Qh5 18. Nc5 Ng4 19. Bf4 Nd5 20. Bg3 b6 21. Nxa6 0-0 22. Be2 Qg6 23. Nc7 Ngf6 24. Nxd5 Nxd5 25. Bf3 Bf6 26. Be5 Qg5 27. Bxd5 Rxd5 28. Bxf6 gxf6 29. Rd3 Rb5 30. Qa3 Qg6 31. Rg3 Rg5 32. Qd6 b5 33. Rc1 Kg7 34. h4 Rxg3 35. fxg3 Qe4 36. Kh2 Qe2 37. Qb4 Ra8 38. Rc7 f5 39. Qe7 Rf8 40. d5 f4 41. gxf4 Qg4 42. Rc3 1-0

[Event "Ufa Gumerov Memorial"]
[Site "Ufa"]
[Date "2012.08.05"]
[Round "5"]
[White "Karpeshov, Oleg Mikhailovich"]
[Black "Glidzhain, Gor Mikhailovich"]
[Result "1-0"]
[WhiteElo "2384"]
[BlackElo "2331"]
[PlyCount "61"]
[EventDate "2012.08.01"]
[EventType "tourn"]
[EventRounds "9"]
[EventCountry "RUS"]
[EventCategory "7"]
[SourceTitle "EXT 2013"]
[Source "ChessBase"]
[SourceDate "2012.11.22"]
[SourceVersion "1"]
[SourceVersionDate "2012.11.22"]
[SourceQuality "1"]

1. d4 Nf6 2. Nf3 g6 3. c4 Bg7 4. g3 0-0 5. Bg2 d6 6. Nc3 Nc6 7. 0-0 a6 8. h3 Rb8 9. Bg5 h6 10. Be3 Nd7 11. Qc1 Kh7 12. Rd1 e5 13. dxe5 Ncxe5 14. c5 Nxf3+ 15. Bxf3 Ne5 16. Bg2 Be6 17. Bd4 Qc8 18. f4 Bxh3 19. fxe5 dxe5 20. Bf2 Bxg2 21. Kxg2 Qg4 22. Qe3 Rbd8 23. Qf3 Qb4 24. e4 Qxb2 25. Rab1 Qc2 26. Rxb7 Rxd1 27. Nxd1 Rd8 28. Ne3 Qxc5 29. Nd5 Qd6 30. Qxf7 Rd7 31. Nf6+ 1-0

[Event "Ufa Gumerov Memorial"]
[Site "Ufa"]
[Date "2012.08.02"]
[Round "2"]
[White "Shukh, Nikolai"]
[Black "Glidzhain, Gor Mikhailovich"]
[Result "0-1"]
[WhiteElo "2413"]
[BlackElo "2331"]
[PlyCount "134"]
[EventDate "2012.08.01"]
[EventType "tourn"]
[EventRounds "9"]
[EventCountry "RUS"]
[EventCategory "7"]
[SourceTitle "EXT 2013"]
[Source "ChessBase"]
[SourceDate "2012.11.22"]
[SourceVersion "1"]
[SourceVersionDate "2012.11.22"]
[SourceQuality "1"]

1. d4 Nf6 2. c4 d6 3. Nc3 e5 4. d5 g6 5. e4 Bg7 6. f3 0-0 7. Be3 Nh5 8. Qd2 f5 9. 0-0-0 f4 10. Bf2 b6 11. g4 Nf6 12. Bd3 a5 13. b3 Na6 14. a3 Bd7 15. Kb2 Ne8 16. Nge2 h6 17. Bc2 Qb8 18. Nc1 Kh7 19. Nd3 Nc5 20. b4 Nxd3+ 21. Bxd3 Bf6 22. Rb1 Be7 23. Kc2 Qc8 24. Rb2 Nf6 25. h3 Kg7 26. Rhb1 Nh7 27. h4 Qd8 28. Qe1 Nf6 29. Qg1 Ne8 30. Qh2 Nf6 31. Rh1 axb4 32. axb4 Ra3 33. Rhb1 Bxg4 34. fxg4 Nxg4 35. Qg2 Bxh4 36. Qxg4 Bxf2 37. Nb5 Ra8 38. Rh1 Rf7 39. Kb3 Bg3 40. Be2 Qc8 41. Qxc8 Rxc8 42. Bf3 Ra8 43. Rc2 Rb8 44. Ra2 h5 45. Ra7 Rc8 46. c5 bxc5 47. bxc5 Bf2 48. Rc1 Rb8 49. cxd6 Rxb5+ 50. Ka4 Bxa7 51. dxc7 Rb8 52. c8Q Rxc8 53. Rxc8 Kf6 54. Rc6+ Kg7 55. Rc8 Rb7 56. d6 Bb8 57. d7 Ra7+ 58. Kb5 Rxd7 59. Rxb8 Rd3 60. Rb7+ Kh6 61. Be2 Rb3+ 62. Kc6 Rxb7 63. Kxb7 g5 64. Kc6 g4 65. Kd5 f3 66. Bd1 h4 67. Kxe5 h3 0-1